| 000 | 00780nam0a22002291 4500 | ||
|---|---|---|---|
| 001 | v19\rc\1316987 | ||
| 005 | 20250620060510.0 | ||
| 035 | _a(NLR Aleph) 005202311 | ||
| 090 |
_a5322651 _c5322651 |
||
| 100 | _a20060512f18261917|||y0rusy50 ca | ||
| 101 | 0 | _arus | |
| 102 | _aRU | ||
| 105 | _aa z ||||| | ||
| 200 | 1 |
_aОписание и наставление по уходу за двигателями Шкода-Дизель типа 2-6 110. Электрический стартер _fШкода, нац. предприятие |
|
| 210 | _aБ.м. | ||
| 215 |
_a[4] с., 2 л. схем. _d21 |
||
| 801 | 0 |
_aRU _bNLR _c20060512 _gpsbo |
|
| 801 | 1 |
_aRU _bProSoft-M _c20060512 _2rusmarc |
|
| 801 | 2 |
_aRU _bNLR _c20061114 _2rusmarc |
|
| 852 |
_aNLR _j58-4/7085 |
||
| 942 | _cBOOK | ||
| 980 | _aNB | ||